000 01226nam a2200325 i 4500
001 8062
003 KOSZ 005
005 20200814092600.0
008 080520s1964 pl a f 001 0 pol
015 _aPB 1964/1001
040 _aWA N
_cKOSZ 005/RW
_dKOSZ 005/RW
041 1 _apol
_heng
080 _a539
100 1 _aDrell, Sidney David
_d(1926- ).
_eAutor.
245 1 0 _aElektromagnetyczna struktura nukleonów /
_cS.D. Drell, F. Zachariasen ; [tł. Karol i Walerian Majewscy].
246 1 _iTyt. oryg.:
_aElectromagnetic structure of nucleons.
260 _aWarszawa :
_bPaństwowe Wydawnictwo Naukowe,
_c1964.
300 _a132, [3] s. :
_bil. ;
_c18 cm.
380 _aKsiążki.
490 1 _aMałe Monografie PWN. Fizyka.
504 _aBibliogr. s. [129]. Indeks.
650 4 _aFizyka jądrowa
700 1 _aZachariasen, Fredrik
_d(1931-1999).
700 1 _aMajewski, Walerian.
_eTłumaczenie
700 1 _aMajewski, Karol.
_eTłumaczenie
710 2 _aPaństwowe Wydawnictwo Naukowe
_4pbl.
856 _uhttp://koha.tu.koszalin.pl/cgi-bin/koha/opac-detail.pl?biblionumber=8062
_yKatalog online BPK
830 0 _aMałe Monografie PWN.
_pFizyka
942 _2UKD
_cKS
999 _c8062
_d8062